[Event "Eintracht Berlin-Greifswalder SV"]
[Site "Greifswald"]
[Date "2017.09.07"]
[Round "2.2"]
[White "Straßburg, Robin Leonard"]
[Black "Altenstein, Jonas"]
[Result "1/2-1/2"]
[WhiteElo "1630"]
[BlackElo "1392"]
[PlyCount "56"]
[EventDate "2017.??.??"]
[WhiteTeam "Eintracht Berlin"]
[BlackTeam "Greifswalder SV"]

1. d4 d5 2. Nf3 Nf6 3. e3 e6 4. Bd3 c5 5. c3 Be7 6. Nbd2 O-O 7. O-O b6 8. Qe2
Bb7 9. e4 dxe4 10. Nxe4 Nxe4 11. Bxe4 Bxe4 12. Qxe4 Nd7 13. Be3 Rc8 14. Rad1
Nf6 15. Qc2 Qc7 16. Rd2 Ng4 17. Qe4 Nf6 18. Qc2 Ng4 19. Re2 Rfd8 20. dxc5 Bxc5
21. Bxc5 Qxc5 22. h3 Nf6 23. Rd1 Rd5 24. Red2 Rcd8 25. Rxd5 Rxd5 26. Rxd5 Qxd5
27. Qa4 a5 28. Qf4 Qd8 1/2-1/2

[Event "Eintracht Berlin-Greifswalder SV"]
[Site "Greifswald"]
[Date "2017.09.07"]
[Round "2.3"]
[White "Wucherer, Sophie"]
[Black "Schulz, Jannis"]
[Result "0-1"]
[WhiteElo "1288"]
[BlackElo "1553"]
[PlyCount "64"]
[EventDate "2017.??.??"]
[WhiteTeam "Greifswalder SV"]
[BlackTeam "Eintracht Berlin"]

1. d4 d5 2. Bf4 e6 3. Nf3 f5 4. e3 Nf6 5. Nbd2 Bd6 6. Bd3 O-O 7. Qe2 c5 8. Bxd6
Qxd6 9. dxc5 Qxc5 10. Nb3 Qd6 11. c3 Nc6 12. h3 Ne4 13. O-O-O Bd7 14. Rdf1 Rac8
15. Kb1 Ne5 16. Nfd2 Ba4 17. Nxe4 fxe4 18. Bc2 Nc4 19. Na1 Bb5 20. Qd1 Qa6 21.
a4 Bd7 22. b3 Qb6 23. b4 Na3+ 24. Kb2 Nc4+ 25. Ka2 a5 26. Bb3 axb4 27. Bxc4
Rxc4 28. cxb4 Rxb4 29. Nc2 Rxa4+ 30. Na3 Rxa3+ 31. Kxa3 Ra8+ 32. Qa4 Rxa4# 0-1

[Event "Eintracht Berlin-Greifswalder SV"]
[Site "Greifswald"]
[Date "2017.09.07"]
[Round "2.4"]
[White "Schulz, Maximilian"]
[Black "Chauvin, Mano"]
[Result "1/2-1/2"]
[WhiteElo "1505"]
[BlackElo "1163"]
[PlyCount "107"]
[EventDate "2017.??.??"]
[WhiteTeam "Eintracht Berlin"]
[BlackTeam "Greifswalder SV"]

1. d4 Nf6 2. Nf3 d6 3. e3 g6 4. Bd3 Bg7 5. Nbd2 O-O 6. O-O Nbd7 7. e4 e6 8. c3
c5 9. Re1 b6 10. Nc4 Qc7 11. Bf4 e5 12. dxe5 dxe5 13. Ncxe5 Nxe5 14. Bxe5 Qe7
15. Qc2 Bb7 16. Bxf6 Qxf6 17. e5 Qe6 18. Be4 Bxe4 19. Rxe4 h6 20. Qb3 Qf5 21.
Rae1 Rfe8 22. e6 fxe6 23. Rxe6 Rxe6 24. Qxe6+ Qxe6 25. Rxe6 Kf7 26. Rc6 g5 27.
Rc7+ Kg6 28. g4 Rf8 29. Kg2 Ra8 30. h4 gxh4 31. Nxh4+ Kg5 32. Rxg7+ Kxh4 33.
Rh7 Kxg4 34. Rxh6 Re8 35. Rh7 Re2 36. Rxa7 Rxb2 37. Ra6 Rc2 38. Rxb6 Rxc3 39.
Rc6 Ra3 40. Rxc5 Rxa2 41. Rc4+ Kf5 42. Kg3 Ra3+ 43. f3 Kg5 44. Rc5+ Kh6 45. Kg4
Kg6 46. Rc6+ Kf7 47. f4 Ra1 48. Rc5 Ke6 49. Re5+ Kf6 50. Rf5+ Kg6 51. Rg5+ Kf6
52. Rf5+ Kg6 53. Re5 Kf6 54. Rf5+ 1/2-1/2

[Event "SAV Torgelow-Mattnetz Berlin"]
[Site "Greifswald"]
[Date "2017.09.07"]
[Round "2.1"]
[White "Verbitsky, Jaroslaw"]
[Black "Beck, Jules"]
[Result "1/2-1/2"]
[WhiteElo "1828"]
[BlackElo "1483"]
[PlyCount "70"]
[EventDate "2017.??.??"]
[WhiteTeam "Mattnetz Berlin"]
[BlackTeam "SAV Torgelow"]

1. e4 e6 2. d4 d5 3. exd5 exd5 4. Nf3 Bd6 5. Bd3 Ne7 6. c3 c6 7. Bg5 O-O 8. Qc2
h6 9. Bh4 Qc7 10. Nbd2 Bg4 11. Bg3 Re8 12. O-O-O Bh5 13. Rde1 Nd7 14. Nh4 b6
15. Nf5 Nxf5 16. Bxf5 Nf6 17. Bxd6 Qxd6 18. f3 Nd7 19. g4 Bg6 20. Bxg6 fxg6 21.
h4 c5 22. dxc5 Nxc5 23. Kd1 Rac8 24. h5 gxh5 25. gxh5 Rxe1+ 26. Rxe1 Qf6 27. c4
Rd8 28. cxd5 Qf7 29. b4 Nb7 30. Qc6 Rxd5 31. Re8+ Kh7 32. Qc8 Qxf3+ 33. Kc1
Qa3+ 34. Kd1 Qf3+ 35. Kc1 Qa3+ 1/2-1/2

[Event "SAV Torgelow-Mattnetz Berlin"]
[Site "Greifswald"]
[Date "2017.09.07"]
[Round "2.2"]
[White "Trömer, Axel"]
[Black "Petersen, Marcel"]
[Result "0-1"]
[WhiteElo "1433"]
[BlackElo "1608"]
[PlyCount "72"]
[EventDate "2017.??.??"]
[WhiteTeam "SAV Torgelow"]
[BlackTeam "Mattnetz Berlin"]

1. e4 e5 2. Nf3 Nc6 3. Bb5 d6 4. O-O Bg4 5. c3 d5 6. Re1 Nf6 7. h3 Bxf3 8. gxf3
d4 9. d3 Nh5 10. f4 Nxf4 11. Bxf4 exf4 12. Qg4 f3 13. Nd2 h5 14. Qf5 dxc3 15.
bxc3 a6 16. Bc4 Qe7 17. Nxf3 g6 18. Qf4 Bh6 19. Qg3 Na5 20. Bb3 Nxb3 21. axb3
O-O 22. Kh1 Kh7 23. Rg1 Rg8 24. Ra5 Qf6 25. Ng5+ Bxg5 26. Rxg5 Qxc3 27. Qf3 Rg7
28. Qd1 Rd8 29. R1g3 Qd4 30. Qc2 Rd7 31. f3 Qxd3 32. Qb2 Qd1+ 33. Rg1 Qxf3+ 34.
Kh2 Qf4+ 35. Kh1 Rd2 36. Rxh5+ Kg8 0-1

[Event "SAV Torgelow-Mattnetz Berlin"]
[Site "Greifswald"]
[Date "2017.09.07"]
[Round "2.3"]
[White "Stockter, Jasper Enno"]
[Black "Wolfgramm, Egon"]
[Result "1-0"]
[WhiteElo "1576"]
[BlackElo "1239"]
[PlyCount "51"]
[EventDate "2017.??.??"]
[WhiteTeam "Mattnetz Berlin"]
[BlackTeam "SAV Torgelow"]

1. e4 d5 2. exd5 Nf6 3. d4 Nxd5 4. Nf3 e6 5. c3 Be7 6. Bd3 c5 7. O-O Nc6 8. Be3
Nxe3 9. fxe3 O-O 10. Nbd2 Bf6 11. Ne4 cxd4 12. Nxf6+ Qxf6 13. exd4 Qd8 14. Qe2
Qb6 15. Rf2 Bd7 16. Ng5 g6 17. Raf1 f5 18. Bc4 Nd8 19. g4 Kg7 20. gxf5 gxf5 21.
Qe5+ Kh6 22. Rg2 Rg8 23. Qg3 Rg6 24. Qh4+ Kg7 25. Qxh7+ Kf6 26. Ne4# 1-0

[Event "SAV Torgelow-Mattnetz Berlin"]
[Site "Greifswald"]
[Date "2017.09.07"]
[Round "2.4"]
[White "Rosenhahn, Nico"]
[Black "Karge, Ole Jannes"]
[Result "0-1"]
[WhiteElo "1211"]
[BlackElo "1349"]
[PlyCount "108"]
[EventDate "2017.??.??"]
[WhiteTeam "SAV Torgelow"]
[BlackTeam "Mattnetz Berlin"]

1. e4 c5 2. c3 d6 3. d4 cxd4 4. cxd4 e6 5. Nf3 Nf6 6. Nc3 Be7 7. Bd3 O-O 8. O-O
Nbd7 9. e5 dxe5 10. dxe5 Nd5 11. Nxd5 exd5 12. Qc2 h6 13. Re1 Nb6 14. b3 Be6
15. Bb2 Rc8 16. Qd2 Rc7 17. Qa5 Nc8 18. Rad1 b6 19. Qd2 a5 20. Nd4 Bb4 21. Qe2
Bxe1 22. Rxe1 Re8 23. Nxe6 fxe6 24. Ba3 Na7 25. Bg6 Ree7 26. Bxe7 Qxe7 27. f4
Nc6 28. Qb5 Qc5+ 29. Qxc5 bxc5 30. f5 exf5 31. Bxf5 Re7 32. e6 Nd4 33. g4 Nf3+
34. Kf2 Nxe1 35. Kxe1 g6 36. Bd3 Rxe6+ 37. Kd2 Kg7 38. h3 d4 39. h4 g5 40. h5
Re3 41. Bf5 Kf6 42. Kc1 Rf3 43. Kc2 Rxf5 44. gxf5 g4 45. Kd2 Kxf5 46. Ke2 g3
47. Kf3 d3 48. Kxg3 d2 49. b4 d1=Q 50. bxc5 Qd3+ 51. Kf2 Kf4 52. c6 Qc2+ 53.
Kg1 Kg3 54. Kh1 Qg2# 0-1